| 000 | 00779nam a2200241Ia 4500 | ||
|---|---|---|---|
| 003 | OSt | ||
| 005 | 20220616100201.0 | ||
| 008 | 210423s2008 xx 000 0 und d | ||
| 020 | _a978-81-8128-424-7 | ||
| 040 | _cAL | ||
| 041 | _aeng | ||
| 082 | _a541.37 BOCM | ||
| 100 |
_aBOCKRIS (John O M) and REDDY (Amulya K N) _943134 |
||
| 245 |
_aModern electochemistry 2B Ed 2 _belectrodics in chemistry engineering biology and environmental science |
||
| 250 | _a2 | ||
| 260 |
_aNew Delhi _bSpringer Pvt Ltd _c2008 |
||
| 300 |
_axxlll,1539-2053,xllv _bPB |
||
| 365 |
_b995 _cINR |
||
| 440 | _v2B | ||
| 650 |
_aElectrochemistry _943135 |
||
| 906 | _a2B ; biology ; chemistry ; electochemistry ; electrodics ; engineering ; environmental ; Modern ; science | ||
| 942 |
_2ddc _cBK |
||
| 999 |
_c154858 _d154858 |
||